000
00263nam a2200097Ia 4500
005
20251222114345.0
008
251222s1900||||xx |||||||||||||| ||spa||
082
_a
DVD0192/U61/2002
245
0
_a
Conversatorio Sobre Creatividad Dramaturga Alonso AlegrÃa.:
942
_c
DVD
999
_c
994
_d
994